000 00388nam a2200157Ia 4500
008 241014s9999||||xx |||||||||||||| ||und||
020 _a0-072351136
060 _aQS 4 S 2003
100 _aRod R. Seeley, Trent D. Stephens, Philip Tate
245 0 _aAnatomy and Physiology.
250 _a6th
260 _bMcGraw-Hill
_c2003
300 _a1105
650 _aAnatomy
942 _bDIMC
_cBK
999 _c7819
_d7819